LEADER 01290nam0 22003131i 450 001 SUN0019561 005 20040712120000.0 010 $a88-221-1765-4 100 $a20040712d1996 |0itac50 ba 101 $aita 102 $aIT 105 $a|||| ||||| 200 1 $aˆLa ‰stupidità non è necessaria$eGregory Bateson, la natura e l'educazione$fRosalba Conserva$gprefazione di Giorgio [i. e. Sergio] Manghi 210 $aScandicci$cLa nuova Italia$d1996 215 $aXXIX, 289 p.$d21 cm. 606 $aApprendimento$xPsicologia educativa$2FI$3SUNC009378 606 $aBateson, Gregory$2FI$3SUNC009618 620 $dScandicci$3SUNL000031 676 $a370.1523$v21 700 1$aConserva$b, Rosalba$3SUNV015730$0142276 702 1$aManghi$b, Sergio$3SUNV015731 712 $aLa nuova Italia$3SUNV000099$4650 790 1$aManghi, Giorgio$zManghi, Sergio$3SUNV050830 801 $aIT$bSOL$c20181109$gRICA 912 $aSUN0019561 950 $aUFFICIO DI BIBLIOTECA DEL DIPARTIMENTO DI PSICOLOGIA$d16 CONS 2612 $e16 LET7288 995 $aUFFICIO DI BIBLIOTECA DEL DIPARTIMENTO DI PSICOLOGIA$bIT-CE0119$gLET$h7288$kCONS 2612$oc$qa 996 $aStupidità non è necessaria$9508389 997 $aUNICAMPANIA LEADER 01668oam 2200445 a 450 001 9910701405603321 005 20120307110524.0 035 $a(CKB)5470000002419026 035 $a(OCoLC)779475827 035 $a(EXLCZ)995470000002419026 100 $a20120307d1984 ua 0 101 0 $aeng 135 $aurbn||||||||| 181 $ctxt$2rdacontent 182 $cc$2rdamedia 183 $acr$2rdacarrier 200 00$aImproved two-dimensional-kinetics computer program$b[electronic resource] $ethird quarterly progress report, 1 July 1984 through 30 September 1984 /$fprepared by Software and Engineering Associates, Inc 210 1$aSanta Ana, Calif. :$cSoftware and Engineering Associates, Inc. ; Huntsville, Ala. :$cGeorge C. Marshall Space Flight Center,$d[1984?] 215 $a1 online resource (22 unnumbered pages) $cillustrations 225 1 $aNASA-CR ;$v171174 300 $aTitle from title screen (viewed on March 7, 2012). 320 $aIncludes bibliographical references. 517 $aImproved two-dimensional-kinetics computer program 606 $aComputer programs$2nasat 606 $aKinetics$2nasat 606 $aOrbit transfer vehicles$2nasat 606 $aThrust chambers$2nasat 615 7$aComputer programs. 615 7$aKinetics. 615 7$aOrbit transfer vehicles. 615 7$aThrust chambers. 712 02$aSoftware and Engineering Associates. 712 02$aGeorge C. Marshall Space Flight Center. 801 0$bGPO 801 1$bGPO 801 2$bGPO 906 $aBOOK 912 $a9910701405603321 996 $aImproved two-dimensional-kinetics computer program$93489205 997 $aUNINA